| 000 | 00563nam a22001817a 4500 | ||
|---|---|---|---|
| 003 | CEME | ||
| 005 | 20210628210237.0 | ||
| 008 | 210215b xxu||||| |||| 00| 0 eng d | ||
| 020 | _a0-201-63338-X | ||
| 040 | _c. | ||
| 082 | _a005.42 SCH | ||
| 100 |
_aSchimmel, Curt _978708 |
||
| 245 | _aUnix systems for modern architectures symmetric multiprocessing and caching for kernel programmers | ||
| 260 |
_aNEW YORK _bADDISON WESLEY _c1994 |
||
| 300 | _a396P | ||
| 650 |
_aOPERATING SYSTEM-UNIX COMPUTER ARCHTITECTURE UNIX-COMPUTER FILE _978709 |
||
| 942 |
_cBK _2ddc |
||
| 999 |
_c583803 _d583803 |
||